Envidia, brujería y organización ceremonial (Record no. 10616)

MARC details
000 -CABECERA
campo de control de longitud fija 00831nam a2200265 a 4500
001 - NÚMERO DE CONTROL
campo de control BRL_1808
005 - FECHA Y HORA DE LA ÚLTIMA TRANSACCIÓN
campo de control 20190320211358.0
041 ## - CÓDIGO DE LENGUA
Código de lengua del texto/banda sonora o título independiente spa
044 ## - CÓDIGO DEL PAÍS DE LA ENTIDAD EDITORA/PRODUCTORA
Código MARC del país mx
050 #4 - SIGNATURA TOPOGRÁFICA DE LA BIBLIOTECA DEL CONGRESO
Número de clasificación F1221.C5
Número de documento/Ítem .T46 1974
100 1# - ENTRADA PRINCIPAL--NOMBRE DE PERSONA
Nombre de persona Thomas, Norman D.
9 (RLIN) 27921
245 10 - MENCIÓN DE TÍTULO
Título Envidia, brujería y organización ceremonial
Resto del título un pueblo zoque
Mención de responsabilidad, etc. Norman D. Thomas ; traducción Celia Paschero.
260 ## - PUBLICACIÓN, DISTRIBUCIÓN, ETC.
Lugar de publicación, distribución, etc. México
Nombre del editor, distribuidor, etc. SEP
Fecha de publicación, distribución, etc. 1974
300 ## - DESCRIPCIÓN FÍSICA
Extensión 175 p.
Otras características físicas il.
Dimensiones 17 cm.
440 #0 - MENCIÓN DE SERIE/PUNTO DE ACCESO ADICIONAL--TÍTULO
Título Sepsetentas
Designación de volumen o secuencia 166
9 (RLIN) 22717
500 ## - NOTA GENERAL
Nota general ej.1 Au205, ej.2 Au1983
504 ## - NOTA DE BIBLIOGRAFÍA, ETC.
Nota de bibliografía, etc. Bibliografía: p. 167-174
650 14 - PUNTO DE ACCESO ADICIONAL DE MATERIA--TÉRMINO DE MATERIA
Término de materia o nombre geográfico como elemento de entrada Zoques (Indígenas)
Subdivisión general Vida social y costumbres
9 (RLIN) 27922
651 #4 - PUNTO DE ACCESO ADICIONAL DE MATERIA--NOMBRE GEOGRÁFICO
Nombre geográfico Indios de México
Subdivisión geográfica Chiapas
9 (RLIN) 27923
651 #4 - PUNTO DE ACCESO ADICIONAL DE MATERIA--NOMBRE GEOGRÁFICO
Nombre geográfico Ocultismo
Subdivisión geográfica México
9 (RLIN) 27924
651 #4 - PUNTO DE ACCESO ADICIONAL DE MATERIA--NOMBRE GEOGRÁFICO
Nombre geográfico Brujería
Subdivisión geográfica México
9 (RLIN) 27925
700 1# - PUNTO DE ACCESO ADICIONAL--NOMBRE DE PERSONA
Nombre de persona Paschero, Celia
Término indicativo de función/relación tr.
9 (RLIN) 27926
902 ## - CATALOGADOR
Iniciales GRL
942 ## - ELEMENTOS DE PUNTO DE ACCESO ADICIONAL (KOHA)
Fuente del sistema de clasificación o colocación Library of Congress Classification
Tipo de ítem Koha Libros
Holdings
Estado de retiro Estado de pérdida Estado dañado No para préstamo Localización permanente Ubicación/localización actual Fecha de adquisición Total de préstamos Signatura topográfica completa Código de barras Fecha visto por última vez Precio válido a partir de Tipo de ítem Koha
El ejemplar forma parte de la colección y puede ser consultado según las políticas vigentes.       Biblioteca Centro de Estudios Ruth D. Lechuga Biblioteca Centro de Estudios Ruth D. Lechuga 04/08/2015   F1221.C5 .T46 1974 GRL01983 22/03/2019 22/03/2019 Libros
El ejemplar forma parte de la colección y puede ser consultado según las políticas vigentes.       Biblioteca Centro de Estudios Ruth D. Lechuga Biblioteca Centro de Estudios Ruth D. Lechuga 04/08/2015   F1221.C5 .T46 1974 GRL01984 22/03/2019 22/03/2019 Libros